000
00316nam a22001337a 4500
020
_a
81-8275-703-7
082
_a
001
_b
RIT/B
100
_a
RITESH & NALIN
245
_a
THE BIG BOOK OF QUESTIONS AND ANSWERS
260
_a
DELHI
_b
DHINGRA PUBLISHING HOUSE
_c
2007
300
_a
143
650
_a
QUIZ
_z
INDIA
942
_c
BK
999
_c
2181
_d
2181